Catálogo
 En Linea

Álgebra superior. / (Registro nro. 40704)

Detalles MARC
000 -CABECERA
campo de control de longitud fija 00820nam a2200229 a 4500
001 - NÚMERO DE CONTROL
campo de control 000041214
003 - IDENTIFICADOR DEL NÚMERO DE CONTROL
campo de control DO-SdBNP
005 - FECHA Y HORA DE LA ÚLTIMA TRANSACCIÓN
campo de control 20250626112959.0
008 - DATOS DE LONGITUD FIJA--INFORMACIÓN GENERAL
campo de control de longitud fija 130926s1948 mx 001 0 spa d
040 ## - FUENTE DE LA CATALOGACIÓN
Centro catalogador/agencia de origen DO-SdBNP
Lengua de catalogación spa
Centro/agencia transcriptor BNPHU
082 ## - NÚMERO DE LA CLASIFICACIÓN DECIMAL DEWEY
Número de clasificación 512
Número de documento/Ítem H174a
100 1# - ENTRADA PRINCIPAL--NOMBRE DE PERSONA
Nombre de persona Hall, Henry Sinclair,
Fechas asociadas al nombre 1848-1934
9 (RLIN) 67789
245 10 - MENCIÓN DE TÍTULO
Título Álgebra superior. /
Mención de responsabilidad, etc. Henry Sinclair Hall, Samuel Ratcliffe Knight ; versión castellana por Rafael García Díaz.
260 ## - PUBLICACIÓN, DISTRIBUCIÓN, ETC.
Lugar de publicación, distribución, etc. México :
Nombre del editor, distribuidor, etc. Union tipográfica editorial hispano americana,
Fecha de publicación, distribución, etc. 1948.
300 ## - DESCRIPCIÓN FÍSICA
Extensión 696 p. ;
Dimensiones 19 cm.
500 ## - NOTA GENERAL
Nota general La biblioteca posee la reimpresión del 1959.
500 ## - NOTA GENERAL
Nota general Incluye índice alfabético
590 ## - NOTA LOCAL (RLIN)
Nota local Inventariado, 2019/ YL
700 1# - PUNTO DE ACCESO ADICIONAL--NOMBRE DE PERSONA
Nombre de persona García Díaz, Rafael
Término indicativo de función/relación v. cast.
9 (RLIN) 67790
700 1# - PUNTO DE ACCESO ADICIONAL--NOMBRE DE PERSONA
Nombre de persona Knight, Samuel Ratcliffe
9 (RLIN) 67791
942 ## - ELEMENTOS DE PUNTO DE ACCESO ADICIONAL (KOHA)
Fuente del sistema de clasificación o colocación Dewey Decimal Classification
Tipo de ítem Koha Libro
Existencias
Estado de retiro Estado de pérdida Restricciones de uso No para préstamo Código de colección Localización permanente Ubicación/localización actual Ubicación en estantería Fecha de adquisición Número de inventario Total de préstamos Signatura topográfica completa Código de barras Fecha visto por última vez Precio válido a partir de Tipo de ítem Koha
      Excluido de préstamo Monografías: Libros y Folletos General General Depósito 26.09.2013 LF1   512 H174a 41214-10 25.06.2020 25.06.2020 No se presta

Con tecnología Koha